000 00735nam a2200241 a 4500
005 20250924063855.0
008 020617s1989 mx r 000 0 spa d
020 _a9681631773
035 _aUPN01000117858
049 _aCG
050 4 _aLB1042.7
_bA6.4 1989
100 1 _aAparici, Roberto
_928734
245 1 0 _aImagen, video y educación /
_cRoberto Aparici, Agustín García Matilla.
250 _a2a ed.
260 _aMéxico :
_bFCE,
_c1989.
300 _a151 p. :
_bil.
440 0 _aSección de obras de educación
650 4 _aEnseñanza audiovisual
_913757
650 4 _aMedios didácticos
_920230
650 4 _aMateriales audiovisuales
_910943
700 1 _aGarcía Matilla, Agustín,
_ecoaut.
_933699
905 _aLibro
999 _c90279
_d90279